La llave abierta (Record no. 98319)

MARC details
000 -LEADER
campo de control de longitud fija 00492nam a2200169 i 4500
001 - NÚMERO DE CONTROL
campo de control 98319
003 - IDENTIFICADOR DE NÚMERO DE CONTROL
campo de control ES-MaACL
005 - FECHA Y HORA DE LA ÚLTIMA TRANSACCIÓN
campo de control 20230906182247.0
007 - CAMPO FIJO DE DESCRIPCIÓN FÍSICA--INFORMACIÓN GENERAL
campo de control de longitud fija t|
008 - DATOS DE LONGITUD FIJA--INFORMACIÓN GENERAL
campo de control de longitud fija 050728s1964 sp |||| |aspa d
100 1# - ENTRADA PRINCIPAL--NOMBRE DE PERSONA
Nombre de persona Martí, Antonio.
9 (RLIN) 77178
245 13 - MENCIÓN DEL TÍTULO
Título La llave abierta
Resto del título : una vida en estampas (1909-1936) /
Mención de responsabilidad, etc. Antonio Martí.
260 ## - PUBLICACIÓN, DISTRIBUCIÓN, ETC.
Lugar de publicación, distribución, etc. Tenerife :
Nombre del editor, distribuidor, etc. [s.n.],
Fecha de publicación, distribución, etc. 1964 (
Fabricante Imp. Católica)
300 ## - DESCRIPCIÓN FÍSICA
Extensión 246 p. ;
Dimensiones 21 cm.
600 14 - PUNTO DE ACCESO ADICIONAL DE MATERIA--NOMBRE DE PERSONA
Nombre de persona Martí, Antonio.
9 (RLIN) 77178
852 ## - LOCALIZACIÓN
Ubicación ES-MaACL
Número de control de estantería C-24628
Holdings
Estatus retirado Estado de pérdida Estado de daño No para préstamo Biblioteca de origen Biblioteca actual Ubicación en estantería Fecha de adquisición Fuente de adquisición Total de préstamos Signatura topográfica completa Código de barras Visto por última vez Precio de reemplazo Tipo de ítem Koha
        Biblioteca del Ateneo de Madrid Biblioteca del Ateneo de Madrid Depósito 2 17/01/2008     C-24628 1102637 23/02/2023 23/02/2023 Libro impreso